000 00445nam a2200133Ia 4500
005 20260328104331.0
008 260328s9999||||xx |||||||||||||| ||und||
100 _aRamírez, Cecilia
245 0 _aLa Práctica empresarial en el Proceso de Formación de Diseñador Industrial Perspectivas /
_cCecilia Ramírez
260 _bUniversidad Pedagógica y Tecnológica de Colombia
300 _a133 p.
650 _aDISEÑO INDUSTRIAL
942 _cBK
999 _c11714
_d11714